Music Quiz

Random Music or Song Quiz

History In Song II Quiz Stats

 Plays Quiz Updated Feb 26, 2018

Also try: History In Song
Challenge
Share
Tweet
Embed
Score 0/20 Timer 06:00
1 Play Today
% Correct
When the Levee Breaks
77.2%
Vincent
75.9%
Where Were You When the World Stopped Turning
73.1%
Born in the U.S.A.
72.6%
Enola Gay
66.4%
Lindy Comes to Town
65.1%
Big Yellow Taxi
59.4%
Allentown
57.2%
Bonzo Goes to Bitburg
56.9%
King of Rome
52.4%
% Correct
Empty Garden (Hey Hey Johnny)
49.5%
Shine On You Crazy Diamond
47.6%
Let Him Dangle
42.9%
Legend of a Mind
39.6%
Ob-La-Di, Ob-La-Da
37.6%
Zombie
37.2%
Right Here, Right Now
35.4%
The Big Three Killed My Baby
31.9%
Lay Down (Candles in the Rain)
21.6%
Harry Truman
16.6%

You're not logged in!

Compare scores with friends on all Sporcle quizzes.
OR
Log In

You Might Also Like...

Show Comments

Extras

Top Quizzes Today


Score Distribution

Your Account Isn't Verified!

In order to create a playlist on Sporcle, you need to verify the email address you used during registration. Go to your Sporcle Settings to finish the process.

Report this User

Report this user for behavior that violates our Community Guidelines.

Details: